000 00713nam a2200205Ia 4500
003 GCL
008 140319s9999 xx 000 0 ara d
020 _a8098509977
040 _aGCL /
_cGCL
082 0 4 _a301.4529
_bا م
100 1 _aاحمد يونس
245 1 0 _aالمسلمون الأمريكيون :
_bأقسم أن أقول الحق /
_cاحمد يونس
700 1 _aنشأت جعفر
250 _aالاولى
260 _aالقاهرة :
_bمكتبة الشروق الدولية ،
_c2003
300 _a62 ص ؛
_c24 سم
650 0 4 _aالاحوال الشخصية للمسلمين
650 0 4 _aالمسلمون فى الولايات المتحدة الامريكية
942 _2ddc
_cBK
999 _c6536
_d6536